000 01041nmm a2200313 a 4500
001 ocm0002145986
003 TR-IsHL
005 20201028182732.0
008 190206s2018 tu tur
007 cr cn
020 _a9786053276692
035 _a2145986
_b(N$T)
050 0 4 _aHG4523
_b.B85 2018
090 0 4 _aHG4523
_b.B85 2018
100 1 _aBeşer, Berna Hızarcı
245 1 0 _aPiyasanın ve devletin başarısızlığında asimetrik bilginin etkisi
_h[electronic resource] /
_cBerna Hızarcı Beşer
260 _aBursa :
_bEkin Basım Yayın Dağıtım,
_c2018
300 _a83 p.
650 4 _aEkonomi ve Finans
650 4 _aEconomics and Finance
650 0 _aYatırımcılar
650 0 _aInvestors
650 0 _aKamuoyu
650 0 _aPublic opinion
650 0 _aSermaye piyasası
650 0 _aCapital market
650 7 _aBUSINESS & ECONOMICS / Investments & Securities / General
_2bisacsh
856 4 0 _uhttp://search.ebscohost.com/login.aspx?direct=true&scope=site&db=e011xww&AN=2145986
999 _c20208
_d20208